00753nam a2200241Ia 4500008004000000020001800040041000800058082001900066100002000085245004400105260004800149300001300197650001200210650001100222650000700233650001600240650001400256690002500270700002100295906001100316999001900327952016500346210210b2010 xxu||||| |||| 00| 0 eng d a9788180302893 aeng a530.41028 PATE aPATEL (Nishant) aExperiments in condensed matter physics aNew DelhibCampus Books Internationalc2010 aviii,274 aphysics amatter ain aExperiments acondensed aProperties of Matter aSHARMA (Guatham) a065913 c147158d147158 001040708PhysicsaALbALcPhysicsd2021-02-17eSouthern Book Sellers,Bangalore-560082g850.00l0o530.41028 PATEp065913r2021-02-17 00:00:00w2021-02-17yBK